Por que malvinas?; de la causa nacional a la guerra absurda /

Guardado en:
Autor Principal: Guber, Rosana
Formato: Libro
Publicado: Buenos Aires : Fondo de Cultura Económica, 2001
Series:Breves, 601
Materias:
Etiquetas: Agregar Etiqueta
Sin Etiquetas, Sea el primero en etiquetar este registro!
LEADER 00590nam a22001935a 4500
001 CEM.cems011135
005 20060214000000.0
008 130507s2001##################000#0#####d
003 CEMS
082 0 4 |a 327.82 
100 1 |a Guber, Rosana 
245 1 0 |a Por que malvinas?; de la causa nacional a la guerra absurda / 
260 |a Buenos Aires :  |b Fondo de Cultura Económica,  |c 2001 
300 |a 187 p. 
490 0 |a Breves, 601 
653 |a Historia argentina 
653 |a Malvinas-guerra de 
653 |a Relaciones internacionales 
859 |a CEMS  |b BIB. CEMS - 11 de abril  |h 327.82  |i G932  |p 21938.02  |t Ej.1